| 000 | 00500 a2200145 4500 | ||
|---|---|---|---|
| 003 | OSt | ||
| 005 | 20260213141027.0 | ||
| 008 | 260213b |||||||| |||| 00| 0 eng d | ||
| 020 | _a9789391558628 | ||
| 100 |
_aशेषाद्री हो _9216733 |
||
| 245 | _aफाळणीची शोकांतिका विश्वसंचार | ||
| 260 |
_bभारतीय विचार साधना प्रकाशन _c2022 _aपुणे |
||
| 300 | _a335pp. | ||
| 942 |
_cBK _2ddc |
||
| 999 |
_c370126 _d370126 |
||